书目信息 |
| 题名: |
电子技术基础实验
|
|
| 作者: | 陈大钦 , 罗杰 主编 | |
| 分册: | ||
| 出版信息: | 北京 高等教育出版社 2008 |
|
| 页数: | 357页 | |
| 开本: | 26cm | |
| 丛书名: | ||
| 单 册: | ||
| 中图分类: | TN01-33 | |
| 科图分类: | ||
| 主题词: | 电子技术--实验--高等教育--教材 , 电子技术 | |
| 电子资源: | ||
| ISBN: | 978-7-04-023952-2 | |
| 000 | 01023nam0 2200277 450 | |
| 001 | 100428494100 | |
| 005 | 20110111091014.24 | |
| 010 | @a978-7-04-023952-2@dCNY32.80 | |
| 100 | @a20080924d2008 em y0chiy0110 ea | |
| 101 | 0 | @achi |
| 102 | @aCN@b110000 | |
| 105 | @ay z 000yy | |
| 106 | @ar | |
| 200 | 1 | @a电子技术基础实验@Adian zi ji shu ji chu shi yan@e电子电路实验、设计及现代EDA技术@f陈大钦,罗杰主编@g华中科技大学电子技术课程组编 |
| 205 | @a3版 | |
| 210 | @a北京@c高等教育出版社@d2008 | |
| 215 | @a357页@d26cm | |
| 300 | @a普通高等教育“十一五”国家级规划教材 电工电子实验系列教材 | |
| 330 | @a本书分为三篇和四个附录。第一篇为实验基础知识;第二篇为电子技术基础实验(含25个实验);第三篇为电子电路综合设计性实验(含8个实验)。 | |
| 606 | 0 | @a电子技术@x实验@x高等教育@j教材 |
| 606 | 0 | @a电子技术 |
| 690 | @aTN01-33@v4 | |
| 701 | 0 | @a陈大钦@Achen da qin@f(1936.6~)@4主编 |
| 701 | 0 | @a罗杰@Aluo jie@c(电子技术)@4主编 |
| 801 | 0 | @aCN@bSYL@c20110111 |
| 905 | @b205972973-3008@h597297-300@dTN01-33@e104=3@f4 | |
| 电子技术基础实验:电子电路实验、设计及现代EDA技术/陈大钦,罗杰主编/华中科技大学电子技术课程组编.-3版.-北京:高等教育出版社,2008 |
| 357页;26cm |
| 普通高等教育“十一五”国家级规划教材 电工电子实验系列教材 |
| ISBN 978-7-04-023952-2:CNY32.80 |
| 本书分为三篇和四个附录。第一篇为实验基础知识;第二篇为电子技术基础实验(含25个实验);第三篇为电子电路综合设计性实验(含8个实验)。 |
| ● |
| 相关链接 |
|
|
|
|
正题名:电子技术基础实验
索取号:TN01-33/104=3
 
预约/预借
| 序号 | 登录号 | 条形码 | 馆藏地/架位号 | 状态 | 备注 |
| 1 | 597297 | 205972973 | 第二样本阅览室/ [索取号:TN01-33/104=3] | 在馆 | |
| 2 | 597298 | 205972982 | 第三借阅区/ [索取号:TN01-33/104=3] | 在馆 | |
| 3 | 597299 | 205972991 | 第三借阅区/ [索取号:TN01-33/104=3] | 在馆 | |
| 4 | 597300 | 205973008 | 第三借阅区/ [索取号:TN01-33/104=3] | 在馆 |